00710nam a2200181 a 450000100100000000500170001000800410002704000250006808200200009310000340011324500330014726000710018030000200025159000270027191000370029895201760033599900170051100003124420200930062810.0110615s1938 dr r 000 p spa d aDO-SdBNPbspacBNPHU aRD861.44bP438s1 aPérez Cabral,d1914-95771410aDel suelo /cPérez Cabral. aSan Pedro de Macorís, República Dominicana :bEsfuerzo,c1938. a68 p. ;c21 cm. aInventariado, 2018/ YL aValidado. Control de calidad MFF 001050718RVaPDbPDcHDd2011-06-15iLF1l0oRD861.44 P438sp31244-10r2020-06-25w2020-06-25y1zPerteneció a la biblioteca personal de Martínez BoogZNo se presta c30736d30736